=LDR 00000nam 2200000 4500 =001 INLIS000000000013014 =005 20220113120233 =035 ##$$a 0010-061300000013014 =008 220113################g##########0#ind## =041 ##$$a Ind =082 ##$$a 574.076 =090 ##$$a 574.076, Ati p =100 ##$$a Atinirmala, Prasita =245 1#$$a Perang siasat Biologi praktis untuk SMU kelas 1,2 dan 3, Prasita Atinirmala : $b Logika Praktis dilengkapi siasat terbaru,soal dan penyelesaiannya =260 ##$$a 2003 :$b Yogyakarta,$c 2004 =300 ##$$a 251 hlm, 20 cm ; $c 18x9 cm =650 #4$$a Biologi - Tes dan evaluasi =850 ##$$a NBPNMAT =084 ##$$a 574.076 ATI p =990 ##$$a 14407566 =990 ##$$a 01950195 =990 ##$$a 20402439 =990 ##$$a 14407566